000 00237nam a2200097Ia 4500
008 240331s9999 xx 000 0 und d
082 _bLIL
100 _aLilly, K. A
245 2 _aA portrait of the artist as a young man :
_bnotes
942 _cL
999 _c3192
_d3192